| 000 | 005100000a22001810004500 | ||
|---|---|---|---|
| 003 | MACL | ||
| 005 | 20211221130611.0 | ||
| 008 | 151230b xxu||||| |||| 00| 0 eng d | ||
| 040 |
_aMACL _cMACL |
||
| 041 | _aEnglish | ||
| 082 | _a320.54/HUS | ||
| 100 |
_aHussain, T Karki _925198 |
||
| 245 | _aSino Indian Conflict And International Politics in the Indian Sub-Continent, 1962-66 | ||
| 260 |
_bThomson Press _aFaridabad |
||
| 350 | _a40 | ||
| 650 |
_aPolitical Science _925200 |
||
| 942 |
_cBK _k320.54/Hus _2ddc |
||
| 999 |
_c34424 _d34424 |
||